| 000 | 00361cam a2200133ua 4500 | ||
|---|---|---|---|
| 020 | _a81-7008-064-9 | ||
| 082 |
_a620.101 _bBAN/EN |
||
| 100 |
_aBansal, R K. _979 |
||
| 245 | _aEngineering Mechanics and Strength of Materials(IN SI UNITS) / | ||
| 250 | _a4 / 1 | ||
| 260 |
_aNew Delhi : _bLaxmi Publications , _c1992, 2009 |
||
| 300 | _a459 ; 881 | ||
| 942 | _cBK | ||
| 999 |
_c12530 _d12530 |
||